000 01613cam a2200289 i 4500
003 SA-RiAUC
005 20250602082835.0
008 250601s1988 sy g 000 0 ara c
024 0 _a33000000010245
040 _aSA-JeALM
_bara
_cSA-RiAUC
_erda
082 0 4 _a243
_qSA-RiAUC
090 _a243
_bق ز و
100 1 _aالقزويني، عمر بن عبد الرحمن بن عمر،
_d653-699 هجري
_eمؤلف.
245 1 0 _aمختصر شعب الإيمان للبيهقي /
_bملحق به ذيل مختصر شعب الايمان للقزويني
_cاختصره أبي المعالي عمر بن عبد الرحمن ؛ حقق نصوصه وخرج أحاديثة وعلق عليه عبد القادر الأرناؤوط.
250 _aالطبعة الخامسة، مزيدة ومنقحة.
264 1 _aدمشق :
_bدار ابن كثير للطباعة والنشر والتوزيع،
_c1989
300 _a164 - 12 صفحة ؛
_c18 سم
336 _aنص
_btxt
_2rdacontent
_3كتاب
337 _aبدون وسيط
_bn
_2rdamedia
338 _aمجلد
_bnc
_2rdacarrier
650 7 _aالإيمان (إسلام)
_2aucsh
700 1 _aالأرناؤوط، عبد القادر،
_d1928-2004
_eمحقق.
700 1 _iتحقيق لـ (عمل) :
_aالقزويني، عمر بن عبد الرحمن بن عمر،
_d653-699 هجري.
_tمختصر شعب الإيمان للبيهقي.
700 1 _iشرح لـ (عمل) :
_aالبيهقي، أحمد بن الحسين بن علي،
_d384-458 هجري.
_tالجامع لشعب الإيمان.
942 _2ddc
_cBOOK
_n0
949 _aSA-JeALM
_d250601
_uosman123
_n1
999 _c8635
_d8635